| 000 | 00905cam a22002652 4500 | ||
|---|---|---|---|
| 001 | 0000023353 | ||
| 005 | 20151021151143.0 | ||
| 008 | 121115s xx 000 0 eng d | ||
| 020 | _a0070700729 : | ||
| 040 |
_aKABU _cKABU |
||
| 050 | 0 |
_aHD31 _b.W45 2008 |
|
| 100 | 1 |
_aWeihrich, Heinz. _@0000150771 |
|
| 245 | 1 | 0 |
_aManagement : _ba global and entrepreneurial pespective / _cHeinz Weihrich, Mark V. Cannice, Harold Koontz. |
| 250 | _a13th ed. | ||
| 260 |
_aNew Delhi : _bTata McGraw-Hill, _cc2010. |
||
| 300 | _axli, 536 p. | ||
| 650 | 0 |
_aManagement. _@0000083920 |
|
| 650 | 0 |
_aIndustrial management. _@0000149957 |
|
| 700 | 1 |
_aKoontz, Harold. _@0000150772 |
|
| 700 | 1 |
_aCannice, Mark V. _@0000161126 |
|
| 852 | 1 | _9p2050 KES | |
| 852 | 1 | _9p2050 KES | |
| 908 | _a121115 | ||
| 950 | _@1 | ||
| 999 |
_c1292 _d1292 |
||